Využitie programového produktu MS Access v hospodárskej praxi pri tvorbe podnikových databáz - prípadová štúdia bakalárska práca

Na minha lista:
Detalhes bibliográficos
Autor principal: Geralská, Eva
Autor Corporativo: Fakulta hospodárskej informatiky EU. Katedra aplikovanej informatiky
Outros Autores: Szivósová, Mária, 1958-
Formato: Livro
Idioma:eslovaco
Publicado em: Bratislava 2009
Tags: Adicionar Tag
Sem tags, seja o primeiro a adicionar uma tag!

MARC

LEADER 00000nam$a2200000$$$4500
001 0096258
005 20240319123003.3
041 0 |a slo 
044 |a SK 
245 1 0 |a Využitie programového produktu MS Access v hospodárskej praxi pri tvorbe podnikových databáz - prípadová štúdia  |b bakalárska práca  |c Eva Geralská ; škol. Mária Szivósová 
264 1 |a Bratislava  |c 2009 
300 |a 28 s. 
100 1 |a Geralská, Eva 
700 1 |a Szivósová, Mária, 1958- 
710 2 |a Fakulta hospodárskej informatiky EU. Katedra aplikovanej informatiky